000 00366nam a2200133Ia 4500
008 220204s9999 xx 000 0 und d
082 _a579.6
_bADV.17
245 0 _aAdvances in applied microbiology. V 17
260 _aNew York
_bAcademic
_c1974
650 _aAntimetabolite
650 _aApplied microbiology
650 _aIndustrial yeast utilization
942 _cBK
999 _c34410
_d34410